000 00497nam a22001697a 4500
003 CEME
005 20210628202223.0
008 210226b xxu||||| |||| 00| 0 eng d
040 _c.
082 _a004.21 NAE
100 _aNaeem Ahsan
_958818
245 _aComputer troubleshooting, hardware and software
260 _aLAHORE
_bJEHANGIR BOOK DEPO
_c2002
300 _a399P
650 _aPC UPGRADE AND MAINTENANCE GUIDE TROUBLESHOOTING-COMPUTER HARDWARE AND SOFTWARE
_958819
942 _cBK
_2ddc
999 _c568925
_d568925